| 000 | 01310nam a22003737a 4500 | ||
|---|---|---|---|
| 003 | CHAP | ||
| 005 | 20220817043343.0 | ||
| 008 | 971013s1993 r 10010 d | ||
| 010 | _a72958 | ||
| 011 | _a73930 | ||
| 035 | _a83488 | ||
| 040 | _cCHAP | ||
| 082 |
_a719.32 _bC6 1992 |
||
| 111 | 0 | 0 |
_aCongreso Mundial de Parques y Areas Protegidas ( _n4 _d: 1992 _c: Caracas, Venezuela) _926869 |
| 245 | _aReport | ||
| 260 |
_aGland, Switzerland : _bIUCN, _c1993 |
||
| 300 |
_a252 p. _b: ilus. |
||
| 490 | _aProtected areas programme | ||
| 590 |
_aBATCH-UPD _b10 _c20130110 _lUCH01 _h0025 |
||
| 590 |
_aBATCH-UPD _b10 _c20130110 _lUCH01 _h0758 |
||
| 590 |
_aBATCH-UPD _b10 _c20130410 _lUCH01 _h0437 |
||
| 590 |
_aBATCH-UPD _b10 _c20130914 _lUCH01 _h0719 |
||
| 590 |
_aCONVERSION _b10 _c20130109 _lUCH01 _h1340 |
||
| 650 | 1 | 4 |
_aBosques _xPreservación. |
| 650 | 1 | 4 |
_aEcología forestal. _935176 |
| 650 | 1 | 4 |
_aParques nacionales _xCongresos. _985704 |
| 650 | 1 | 4 |
_aRecursos naturales _xConservación. |
| 700 | 0 |
_aMcNeely, Jeffrey A. _973731 |
|
| 830 | 0 |
_aProtected areas programme _992444 |
|
| 901 | _aBK | ||
| 942 | _cLIBRO | ||
| 949 |
_a719.32 C6 1992 _bBC _cLIBRO _d33724000147336 _eLIBRO _fc.2 _gI.c/e _h87796 _i83488 _si _t86.91 |
||
| 949 |
_a719.32 C6 1992 _bBC _cLIBRO _d33724000147450 _eLIBRO _gI.c/e _h86626 _i83488 _si _t28.90 |
||
| 999 |
_c72958 _d72958 |
||